Crisis Financieras en Economías Emergentes : (Record no. 42592)
[ view plain ]
| 000 -CABECERA | |
|---|---|
| campo de control de longitud fija | 00815nam a2200217 a 4500 |
| 001 - NÚMERO DE CONTROL | |
| campo de control | 000043103 |
| 005 - FECHA Y HORA DE LA ÚLTIMA TRANSACCIÓN | |
| campo de control | 20201002040636.0 |
| 008 - DATOS DE LONGITUD FIJA--INFORMACIÓN GENERAL | |
| campo de control de longitud fija | 140219s2000 sp 000 0 spa d |
| 020 ## - NÚMERO INTERNACIONAL ESTÁNDAR DEL LIBRO | |
| Número Internacional Estándar del Libro | 8472328570 |
| 040 ## - FUENTE DE LA CATALOGACIÓN | |
| Centro catalogador/agencia de origen | DO-SdBNP |
| Lengua de catalogación | spa |
| Centro/agencia transcriptor | BNPHU |
| 100 1# - ENTRADA PRINCIPAL--NOMBRE DE PERSONA | |
| Nombre de persona | Bustelo, Pablo |
| 9 (RLIN) | 29017 |
| 245 10 - MENCIÓN DE TÍTULO | |
| Título | Crisis Financieras en Economías Emergentes : |
| Resto del título | enseñanzas de Asía Oriental / |
| Mención de responsabilidad, etc. | Pablo Bustelo, Clara García, Iliana Olivié; prólogo Carlos Berzosa. |
| 260 ## - PUBLICACIÓN, DISTRIBUCIÓN, ETC. | |
| Lugar de publicación, distribución, etc. | Madrid : |
| Nombre del editor, distribuidor, etc. | Agencia Española de Cooperación Internacional, |
| Fecha de publicación, distribución, etc. | 2000. |
| 490 1# - MENCIÓN DE SERIE | |
| Mención de serie | Cooperación al desarrollo |
| 500 ## - NOTA GENERAL | |
| Nota general | Incluye notas a pie de páginas |
| 504 ## - NOTA DE BIBLIOGRAFÍA, ETC. | |
| Nota de bibliografía, etc. | Bibliografía p: 191-205 |
| 700 12 - PUNTO DE ACCESO ADICIONAL--NOMBRE DE PERSONA | |
| Nombre de persona | García, Clara |
| 9 (RLIN) | 70630 |
| 700 12 - PUNTO DE ACCESO ADICIONAL--NOMBRE DE PERSONA | |
| Nombre de persona | Olivié, Iliana |
| 9 (RLIN) | 70631 |
| 700 12 - PUNTO DE ACCESO ADICIONAL--NOMBRE DE PERSONA | |
| Nombre de persona | Berzosa, Carlos |
| Término indicativo de función/relación | prol. |
| 9 (RLIN) | 70632 |
| 830 #0 - PUNTO DE ACCESO ADICIONAL DE SERIE-TÍTULO UNIFORME | |
| Título uniforme | Cooperación al desarrollo |
| 9 (RLIN) | 70633 |
| Estado de retiro | Estado de pérdida | Restricciones de uso | No para préstamo | Código de colección | Localización permanente | Ubicación/localización actual | Ubicación en estantería | Fecha de adquisición | Número de inventario | Total de préstamos | Signatura topográfica completa | Código de barras | Fecha visto por última vez | Precio válido a partir de | Tipo de ítem Koha |
|---|---|---|---|---|---|---|---|---|---|---|---|---|---|---|---|
| Excluido de préstamo | Monografías: Libros y Folletos | General | General | En catalogación | 19.02.2014 | LF1 | 43103-10 | 25.06.2020 | 25.06.2020 | No se presta |
